000 00404nam a2200181Ia 4500
008 090123s9999 xx 000 0 und d
082 _b37812
100 _aBOB ANDERSON
245 _aGETTING IN SHAPE
250 _a0
260 _bREADER DIGEST
300 _a32
600 _aBOB ANDERSON
630 _aGETTING IN SHAPE
700 _aBOB ANDERSON
730 _aGETTING IN SHAPE
942 _cBOOK
999 _c75879
_d75879